000 00510nam a2200157Ia 4500
008 180921t1971 xxu||||| ||||o00| 0 sin d
041 _asin
245 _aපිරිවෙන් අධ්‍යාපන විශේෂ කමිටුවේ වාර්තාව
246 _aCeylon Sessional Papers : Piriven Adyapana Vishesha Kamituwe Warthawa
260 _c1971
300 _a28 cm
500 _aSessional Paper xii -1971
942 _cBK
999 _c64502
_d64502
003 LK-CoDNM
040 _aLK-CoDNM
_dLK-CoDNM
_eLK-CoDNM